Employees of Fictional TV Companies Quiz Stats

 Plays Quiz not verified by Sporcle

Challenge
Share
Tweet
Score 0/30 Timer 05:00
0 Plays Today
% Correct
Apu Nahasapeemapetilon
93.3%
Tim Taylor
88.2%
Peter Griffin
77.2%
George Jetson
56.5%
J.R. Ewing
54.5%
Michael Bluth
52.7%
Jim Halpert
51%
Woody Boyd
49.8%
Hank Hill
45.6%
Doug Heffernan
42.4%
Elaine Benes
41.7%
Barney Stinson
40.4%
Peggy Olson
39.9%
Florence Jean 'Flo' Castleberry
38.1%
Gustavo Fring
37.3%
% Correct
Laverne De Fazio
36.8%
Dr. Johnny Fever
35.6%
Daisy Duke
34%
Silvio Dante
31.6%
David Addison
30.5%
Ronald 'Mac' McDonald
30.4%
Lowell Mather
26.3%
Arnie Becker
21.3%
Donna Martin
18.6%
Amanda Woodward
15.9%
Wesley Wyndam-Pryce
15.9%
Anders Holmvik
14.1%
Noah Bennet
14.1%
Danny McCoy
13.8%
Cindy Chandler
12.6%

You're not logged in!

Compare scores with friends on all Sporcle quizzes.
OR
Log In

You Might Also Like...

Show Comments

Extras

Top Quizzes Today


Score Distribution

Your Account Isn't Verified!

In order to create a playlist on Sporcle, you need to verify the email address you used during registration. Go to your Sporcle Settings to finish the process.

Report this User

Report this user for behavior that violates our Community Guidelines.

Details: